| 000 | 00000nam##2200000za#4500 |
| 001 | 9.697777 |
| 003 | CaOODSP |
| 005 | 20210624235631 |
| 007 | cr ||||||||||| |
| 008 | 150407|1998||||xxc|||||o f|0| 0 eng|d |
| 040 | |aCaOODSP|beng |
| 043 | |an-cn--- |
| 086 | 1 |aRH64-36/1998E-PDF |
| 110 | 1 |aCanada. |bHuman Resources Development Canada. |
| 245 | 10|aDo labels matter? : |h[electronic resource]|bunemployment insurance and quits in Canada - final report / |c[by] Peter Kuhn and Arthur Sweetman. |
| 260 | |aOttawa - Ontario : |bHuman Resources Development Canada |cAugust 1998. |
| 300 | |a44p.|breferences, tables |
| 590 | |a13-12-Supp|b2013-05-10 |
| 690 | 07|aLiteracy|2gcpds |
| 775 | 08|tLes motifs de cessation d'emploi ont-ils de l'importance? : |w(CaOODSP)9.641822 |
| 856 | 40|ahttp://publications.gc.ca|qPDF|s95 KB|uhttps://publications.gc.ca/collections/collection_2013/rhdcc-hrsdc/RH64-36-1998-eng.pdf |
| 986 | |aSP-AH057E-08-98 |